[Event "Dyfed Major"]
[Site "Fishguard"]
[Date "2017.02.26"]
[Round "5"]
[White "O'Brien, Sam"]
[Black "Narayan-Taylor, Robert"]
[Result "1-0"]
[WhiteElo "1500"]
[BlackElo "1476"]
[Annotator "Rudy"]
[PlyCount "127"]
[EventDate "2017.02.24"]
[EventCountry "WLS"]

1. e4 e5 2. Nf3 Nc6 3. Bc4 h6 4. d4 {opening up the game scores well for Wh} (
4. O-O Nf6 5. d4 exd4 6. e5 {recommended in Mueller & Souleideis - Winning
withe slow(but venomous!) Italian 2016:17} d5 7. Bb5 Ne4 8. Nxd4 Bd7 9. Bxc6
bxc6 {known theoretically, wbut with 0-0 & h6 (less useful) thrown in} 10. f3
Ng5 11. f4 Ne4 12. Nc3 c5 13. Nde2 Nxc3 14. bxc3 {and Wh attacks with f5}) 4...
exd4 5. Nxd4 Ne5 (5... Nxd4 6. Qxd4 d6 7. O-O Qf6 8. Qd3 {Wh scores 95%}) 6.
Bb3 c5 {leaving a terrible hole on d5} (6... Nf6 {main eg} 7. O-O Bc5 8. Nc3
O-O 9. Kh1 d6 10. f4 Bxd4 11. Qxd4 Nc6 12. Qd3 {Deus Filho-Dutra, Rio Claro
IRT op 2013,1-0}) 7. Nf3 Nxf3+ (7... c4 8. Nxe5 {has been played, 2 Wh wins &
a draw}) 8. Qxf3 Qf6 (8... Nf6 9. O-O (9. e5 $1 $18 {Komodo10} Qe7 10. O-O Qxe5
11. Bf4 Qe7 12. Nc3 d6 13. Ba4+ $1 Kd8 14. Bxd6 Qxd6 15. Rad1 $18) 9... d6 10.
Bf4 b5 11. e5 Bg4 12. Qb7 $18 {yet Lukash-Kovalev, Konakovo 2012,0-1}) 9. Qe2
Qc6 (9... Qd8 10. Nc3 g5 11. e5 {Klinger-Sagstetter, Chiemgau Seniors; Bergen
2005,1-0}) (9... Qg6 10. f4 Ne7 11. Nc3 a6 12. Be3 b6 13. Bd5 Nxd5 14. Nxd5 Qc6
15. c4 {Iglesias Vidal-Krueger, Calvia Veterans op 2007,1-0}) 10. O-O $18 Ne7
11. Nc3 a6 12. Nd5 (12. f4 $18 {Komodo10}) 12... b5 $2 13. c4 (13. Nxe7 {Rudy}
Bxe7 14. Bd5 {wins a R}) 13... Bb7 14. Bf4 $18 (14. Rd1 $18) 14... O-O-O 15.
cxb5 axb5 16. a4 (16. Rfc1) 16... b4 17. Rfc1 Ng6 18. Be3 $18 (18. Bg3 $18 {
looks more menacing towards the K}) 18... Ba6 19. Bc4 (19. Qd2 Bb7 20. a5)
19... Bxc4 20. Qxc4 Ne5 21. Qe2 c4 22. a5 (22. f4 {wins the N} Ng6 23. Rxc4 {
wins Q}) 22... Kb7 23. Nb6 (23. a6+ Kb8 24. Bf4 f6 25. Rxc4 Bc5 26. Rac1 d6 27.
Bxe5 fxe5 28. Rxb4+ Ka8 29. Rb7 $18 {Komodo10}) 23... Qxe4 (23... Bc5 24. Nxc4
Nxc4 25. Bxc5 Qxc5 26. Rxc4 $18 {Komodo10 & the Bl Rs are helpless in saving
their K from the attentions of the Wh Rs}) 24. Nxc4 (24. a6+ Kb8 25. Nxc4 {
threatens a Q win by Ba7ch} Bc5 26. Nxe5 Bxe3 (26... Qxe5 27. Qb5+ {is killing}
) 27. Nxf7 $18 {winning easily}) 24... Nxc4 25. Rxc4 Qe6 26. Rac1 {mating
according to Komodo10} Bd6 27. a6+ (27. Rxb4+ {is one move slower} Bxb4 (27...
Ka8 28. Qa6#) 28. Qb5+ Ka8 29. Rc7 Qb6 30. Qxb6 Bd6 31. Ra7#) 27... Kb8 28. Qf3
(28. Rc8+ $1 Rxc8 29. Qb5+ Ka8 30. Qb7# {Komodo10}) 28... Bxh2+ {delays the
mating process} 29. Kxh2 d5 30. Qf4+ Ka8 31. Rxb4 (31. Qc7 $1 Qxa6 32. Rxb4 {
mates in 3., eg} Qd6+ (32... Rd6 33. Ra1 Rb6 34. Rxa6+ Rxa6 35. Qb7#) 33. Qxd6
Rxd6 34. Ra1+ Ra6 35. Rxa6#) 31... Qd6 32. Qxd6 (32. Rc8+ $1 {forces a quick
mate} Rxc8 33. Qxd6 Rhd8 34. Rb8+ {another R sac deflection} Rxb8 35. Qc6+ Rb7
36. Qxb7#) 32... Rxd6 33. Rc7 $18 (33. Rb6 Rxb6 34. Bxb6 $18 {keeps that
lovely a pawn alive}) 33... Rxa6 34. Rxf7 g5 35. Rd7 Ra5 36. Bb6 Ra6 37. Rxd5
Re8 38. Be3 Rc8 39. Rbd4 Kb7 40. Rb5+ Ka8 41. b4 Rb8 42. Rxb8+ Kxb8 43. b5 Rg6
44. Rc4 Re6 45. Kg3 Re5 46. b6 Re6 47. Rc7 Rg6 48. Rh7 Re6 49. Kg4 Re4+ 50. Kf5
(50. Kh5) 50... Rb4 51. Rxh6 g4 52. Rh7 Rc4 53. Rg7 Rb4 54. Rxg4 Rb5+ 55. Ke6
Kb7 56. Rg7+ Kc8 57. Kd6 Rb1 58. Kc6 Kd8 59. Bg5+ (59. b7) 59... Ke8 60. Re7+
Kf8 61. Re5 Rb2 62. b7 (62. Rb5) 62... Rc2+ 63. Rc5 Rb2 64. Kc7 1-0

[Event "Dyfed Major"]
[Site "Fishguard"]
[Date "2017.02.26"]
[Round "5"]
[White "Evans, Gwyn"]
[Black "Chong, Kimberly"]
[Result "1/2-1/2"]
[WhiteElo "1431"]
[BlackElo "1441"]
[Annotator "Rudy"]
[PlyCount "68"]
[EventDate "2017.02.24"]
[EventCountry "WLS"]

1. c4 e5 2. Nc3 Nf6 3. e4 Bc5 4. d3 h6 5. g3 (5. Be2 {main}) 5... d6 6. Bg2 (6.
h3 {played}) 6... Nc6 (6... Ng4 7. Nh3 O-O $15 {Cloud Engines}) 7. Nge2 (7. h3)
7... Ng4 (7... Bg4) 8. O-O Be6 9. h3 Nf6 10. Kh2 g5 $5 {keeping one's own K in
the centre toolong is not always wise, even if one can start to attack the
other K} (10... O-O $11) 11. f4 {opening up the position against a K in the
middle is the right strategy; however the Engine finds a way of exploiting
Wh's own slightly insecure K as a result of the lines opened.} (11. Nd5 {is
safer} Nd7 12. Be3 Bxe3 13. Nxe3 $14) 11... gxf4 (11... Ng4+ $1 $17 {Komodo10}
12. Kh1 (12. hxg4 h5 $1 $19) 12... gxf4 13. gxf4 Nf2+ 14. Rxf2 Bxf2 15. f5 Bd7
16. Nd5 Rc8 $17 {Komodo10}) 12. gxf4 (12. Nd5) 12... exf4 (12... Ng4+ $1 {
still best} 13. hxg4 {is even worse now} Qh4+ 14. Bh3 Bxg4 15. Rf3 Bxh3 $1 (
15... Bxf3 $19 {alsogood}) 16. Rxh3 Qf2+ 17. Kh1 Rg8 18. Rg3 Rxg3 19. Nxg3 Qxg3
20. d4 Bxd4 21. Qf1 Qh4+ 22. Kg2 O-O-O {and Wh is getting mated because of the
open g file}) 13. Nxf4 (13. d4 $1 $18 {because the centre controls Bl's pieces}
Bb6 14. Nd5 $1 (14. d5 {looks like winning a piece, but there are tactics to
work out} Ng4+ 15. Kh1 f3 16. dxe6 (16. Bxf3 Qh4 17. Nf4 Ne3 18. Bxe3 Bxh3 19.
Qe1 Bg2+ 20. Kg1 Qh1+ 21. Kf2 Qh4+ 22. Ke2 Bxf1+ 23. Qxf1 Ne5 24. Nd3 $14)
16... fxg2+ 17. Kxg2 fxe6 18. hxg4 Qh4 19. Qe1 Qxg4+ 20. Qg3 $16 {Komodo10})
14... Rg8 15. Bxf4 Nh5 16. Nxb6 axb6 17. d5 Ne5 18. dxe6 fxe6 19. Qb3 $18 {
Komodo10}) 13... Nd4 (13... h5 {a strange move, but it seems otherwise Bl is
losing} 14. Kh1 Ng4 15. e5 Qd7 16. Nxe6 fxe6 17. Bg5 Ne3 18. Bxe3 (18. Qf3 $16
{Komodo10}) 18... Bxe3 19. Qf3 Bd4 20. Nb5 Bxe5 21. d4 $16 {Komodo10}) (13...
Kd7 14. Nce2 Kc8 15. d4 $18 {wins a piece again}) 14. Nxe6 (14. b4 $1 {Komodo10
} Bb6 (14... Bxb4 15. Qa4+ Nc6 16. Ncd5 $18 {Komodo10}) 15. e5 dxe5 16. Nxe6
Nxe6 17. c5 $18 {Komodo10}) (14. Ncd5 $18) 14... fxe6 15. e5 (15. Rb1 c6 16. b4
Bb6 17. Kh1 $16 {Komodo10}) 15... dxe5 16. Bxb7 $16 {now the Bl K is
definitelt stuck in the centre} Rb8 17. Bg2 Nf5 $11 {but at least Bl has some
better developed pieces to help protect vulnerable squares} 18. Qe2 (18. Ne4)
18... Nh4 {attacks the K but also leaves lines open for Wh} (18... Rg8 {the g
file beckons} 19. Bc6+ Kf7 20. Ne4 Bd4 $17) 19. Bc6+ $18 Ke7 20. b3 $18 {
developing , but a bit slow} (20. Rxf6 $1 {remove good defenders with tempo}
Kxf6 21. Ne4+ Ke7 22. Nxc5 {& win material} Qd6 23. Qe4 Qxc5 24. Be3 Rxb2+ 25.
Kh1 Qb4 26. Qxh4+ (26. Rg1 $1 {is even stronger as the N has no retreat}) 26...
Kd6 27. Bb5 $18 (27. Bg2 $18)) 20... e4 {double-edged, but when in a losing
position, its best to create chaos , as Speelman recommends in his columns} 21.
Bxe4 $18 (21. Nxe4 $18) 21... Qd4 22. Bb2 Qe5+ 23. Kh1 Qg3 (23... Bd4 24. Qe1
Rbf8 25. Qxh4 Bxc3 26. Bxc3 Qxc3 27. Rae1 Kd7 {looks a little safer for the K}
28. Bg2 $18) (23... Rhg8 24. Nd5+) 24. Bg2 $2 {a defensive move that should
actually lose!} (24. Rxf6 $1 {Komodo10 breaks through immediately} Qxh3+ (24...
Kxf6 25. Nd5+ $1 Kf7 (25... Kg5 26. Bf6#) 26. Rf1+ Ke8 27. Qh5+ Kd8 28. Nf4 $18
) 25. Qh2 Qxh2+ 26. Kxh2 Bd6+ 27. Kh3 Kxf6 28. Ne2+ e5 29. Kxh4 $18 {Komodo10})
24... Rhg8 (24... Bd6 $19 25. Rf4 Bxf4 26. Ba3+ Kd7 27. Bf1 Rhg8 28. Bc5 Bd6
29. Bd4 Nh5 30. Ne4 Rbf8 {mating according to Komodo10}) 25. Rxf6 $1 $16 {
better late than never} Qe3 (25... Qxg2+ {a better way to exchange Qs} 26. Qxg2
Rxg2 (26... Nxg2 27. Ne4 Be3 28. Raf1 $18) 27. Rxh6 Rbg8 28. Rh7+ Ke8 29. Rxh4
Bd6 30. Rg4 R8xg4 31. hxg4 Rxb2 32. Re1 $16 Bb4 33. Na4 Rxa2 34. Rxe6+ Kd7 35.
Re3 $16 {Komodo10}) 26. Qxe3 Bxe3 27. Raf1 (27. Nd5+ exd5 28. Bxd5 Rg3 29. Kh2
Rbg8 (29... Rg5 30. Re6+ $18) 30. Bxg8 Rxg8 31. Be5 $18 {Komodo10}) 27... Rxg2
28. Ba3+ (28. Rf7+ $1 Kd6 29. Ne4+ Kc6 30. Be5 Rc8 31. Bg3 $18 {Komodo10})
28... c5 (28... Kd7 29. R6f3 Bd4 $14 {Komodo10}) 29. Rf7+ Kd6 30. R7f6 (30. Bc1
Bxc1 31. Rxc1 Rg6 32. Nb5+ Kc6 33. b4 cxb4 34. Nxa7+ Kc5 35. d4+ Kd6 36. Rg1 b3
37. axb3 Rxb3 38. c5+ Kd5 39. Rxg6 Nxg6 40. c6 $18 {Komodo10; keeping track of
all the variations is nerve-racking; must have been even more so for both
players.}) 30... Rbg8 $19 31. Ne4+ Ke7 {the safest, yet not the best according
to the unflappable Engine.} (31... Ke5 $1 $19 32. Rf7 (32. Rf8 Rxf8 33. Rxf8
Rxa2 34. Bxc5 Ra1+ 35. Kh2 Bf4+ 36. Rxf4 (36. Ng3 Ra2+ 37. Kg1 Bxg3 $19) 36...
Kxf4 $19) 32... Rg1+ 33. Rxg1 Rxg1+ 34. Kh2 Rg2+ 35. Kh1 Rxa2 36. Bxc5 Ra1+ 37.
Kh2 Bf4+ $19 {asabove}) 32. Bxc5+ $1 {forcing off a key attacker} Bxc5 33. Nxc5
R2g3 34. Rf7+ Kd8 {not the best; however, DRAW AGREED, to the relief of both
players?} (34... Ke8 35. R7f2 $16) (34... Kd8 35. Nxe6+ Ke8 (35... Kc8 36. Rf8+
Rxf8 37. Rxf8+ Kd7 38. Nf4 Ke7 39. Ra8 Rf3 40. Rxa7+ Ke8 41. Ra8+ Kf7 42. Nd5
Rxh3+ 43. Kg1 Rxd3 {is worse, as the Wh K side pawns should be decisive.}) 36.
R7f2 Rxd3 37. Nf4 $18 {Wh should be winning with 2 pawns up , though still
under pressure. A wonderful fighting game by both players}) 1/2-1/2

[Event "Dyfed Major"]
[Site "Fishguard"]
[Date "2017.02.26"]
[Round "5"]
[White "Watkins, Peter"]
[Black "Eddershaw, John"]
[Result "1-0"]
[WhiteElo "1390"]
[BlackElo "1250"]
[Annotator "Rudy"]
[PlyCount "120"]
[EventDate "2017.02.24"]
[EventCountry "WLS"]

1. e4 c5 2. Nf3 Nc6 3. d4 cxd4 4. Nxd4 Qc7 5. Nc3 a6 6. Be3 Nf6 7. Be2 d6 8.
O-O e6 9. Nxc6 {strenthens Bl's centre & opens the B file} (9. f4) (9. a4) (9.
Kh1 {main lines}) 9... Qxc6 (9... bxc6 {strategically prefereable}) 10. Bf3 e5
(10... Qc7 11. Ne2 Be7 12. Ng3 O-O 13. Be2 d5 $15 {Do-Bairachny, Budapest
Spring op 1996,0-1}) 11. Bg5 (11. Nd5 $14 {Komodo10}) 11... Be7 12. Bxf6 Bxf6
13. Nd5 Bg5 14. Qe2 (14. Bg4 $5) 14... Be6 15. Rfd1 Rc8 16. c3 O-O $11 {Bl's 2
Bs hold the line against the weakness on d5} 17. Rd3 f5 $2 {strategically
important, & often played in the related Sveshnikov var. Here, however, it
should failon tactical grounds} 18. Rad1 (18. exf5 Bxf5 19. Ne7+ Bxe7 20. Bxc6
$1 {wins the Q for two pieces} Rxc6 $18 (20... Bxd3 21. Bd5+ Kh8 22. Qxd3 $18 {
is worse , as Bl has lost control over the wh squares, which helps the Q &
ties Bl's Rs down})) 18... f4 19. Bg4 {still helps Wh , since after after the
B swap, Bl is left with a bad B vs good N} Rce8 20. Bxe6+ Rxe6 21. f3 {missing
another tactic involving the Bl Q} (21. Qg4 $1 Rg6 22. Qxg5 Rxg5 (22... Qxd5
23. Qxg6 Qxa2 (23... Qxd3 24. Qe6+ Kh8 25. Rxd3) 24. Qxd6 $18) 23. Ne7+ Kf7 24.
Nxc6 bxc6 25. Rxd6 f3 26. g3 Rg6 27. Rd7+ Ke8 28. h3 $18 {Bl is a pawn down &
his other pawns are split on the Q side; while the Wh Rs control the centre})
21... Rf7 22. Kf1 Rh6 23. h3 Bh4 $14 {Wh has incurred bl square weaknesses,
which make it difficult to mobilise his pawns} 24. Qd2 Bg3 {though its not
clear what the B is doing here} (24... Bd8 {is a better idea, getting reading
to put it onto b6( but guarding d6 first) to encourage Wh to swap off his N}
25. Nb4 Qb5 $11) 25. Nb4 Qb6 {the pawn can't be taken because of the mate onf2}
26. Nd5 Qc6 27. Nb4 Qc5 28. Rd5 Qc7 (28... Qb6 29. Nd3 Rc7 30. b3 Qe3 31. c4
Qxd2 32. Rxd2 Bh4 33. c5 Be7 34. cxd6 Rxd6 35. Nxe5 $16 {Komodo10}) 29. Nd3 (
29. Rxd6 Qxd6 30. Qxd6 Rxd6 31. Rxd6 $18 {simplest}) 29... Rff6 (29... Re6) (
29... Bh4 {required}) 30. Nf2 {offering a swap,as Bl is not going to allow the
loss of an exchange- far better to have kept the more flexible N} (30. Nxe5 $1
$18 {Komodo10; breaks the centre, as Bl can scarcely take} dxe5 $2 31. Rd8+ Rf8
(31... Kf7 32. Rd7+) 32. Qd5+ Qf7 33. Rxf8+ Kxf8 34. Qc5+ Qe7 35. Qc8+ Kf7 36.
Rd7 $18 {the B on g3 is offside fromwhere all the play is}) 30... Bxf2 31. Kxf2
$11 g5 (31... Rfg6) 32. Qe2 Rhg6 33. Rh1 (33. c4 $14) 33... h5 34. Rdd1 Rf7 35.
Rdg1 {decentralising- Bl has no real threats on the K side} (35. Ke1 Qa5 36.
Qc4 b5 37. Qb3 Qb6 38. Rd2 $11 g4 39. hxg4 hxg4 40. Kd1 gxf3 41. gxf3 Qe3 42.
Rf1 Kg7 43. Kc2 $14 {Komodo10}) 35... h4 {Bl gives up on the K side
demonstration- he could at least have kept the g4 threat hanging over Wh for
longer.} (35... Qc5+ $1 36. Ke1 d5 $15 {is a better way, as the Wh K is now on
the wrong side of his Rs}) 36. Rd1 Qb6+ 37. Kf1 Rd7 38. Qd2 (38. Rd5) 38... Kf8
39. Ke2 Ke7 40. Rhe1 Rg8 41. Kf1 Rgd8 42. b3 d5 {Bl's timing is wrong, as his
K is still in the line of fire} 43. exd5 $18 Rxd5 44. Qe2 (44. Qxd5 $1 $18 {Wh
should certainlytake off the 2 Rs for the Q- his own 2 Rs will be far superior
to Bl's Q in this position where its the Bl K that will suffer from exposure}
Rxd5 45. Rxd5 Qc7 (45... Qg6 46. Rdxe5+ Kd6 47. Re6+ Qxe6 48. Rxe6+ Kxe6 49.
Ke2 {and Wh wins the pawn ending}) 46. Rexe5+ $1 (46. Rdxe5+ Kf6 47. Re6+ Kf5
48. R1e5+ {is another way as wh wins the ending a pawn up}) 46... Kf6 47. Rf5+
Ke6 48. Rc5 Qh7 49. Kg1 {Komodo10 is after winning more pawns while keeping
the Rs dominant- most humans would just have settled for the pawn ending} b6
50. Rce5+ Kd6 51. c4 Qh8 52. Rd5+ Kc7 53. Rxg5 b5 54. c5 Qf6 55. Kh2 b4 56. Rg8
Qe7 57. Rg6 a5 58. Rdd6 a4 59. Rc6+ Kb8 60. Rb6+ Kc8 61. Rgc6+ Kd8 62. Rb8+ Kd7
63. Rb7+ Kxc6 64. Rxe7 $18 {at last- Komodo10}) 44... Qe3 $6 {this will lose
the resultant advanced e pawn} (44... Rxd1 45. Rxd1 Rxd1+ 46. Qxd1 Qe3 47. Qd5
Qc1+ 48. Ke2 Qxc3 49. Qxb7+ Kf8 $11 {either side will get a perpetual}) 45.
Qxe3 fxe3 46. Rxd5 Rxd5 47. Rxe3 $16 Kf6 48. Ke2 Kf5 49. Re4 (49. Rd3 Rxd3 50.
Kxd3 Kf4 51. Ke2 a5 52. a4 $18 Kg3 53. Kf1 e4 54. fxe4 Kf4 55. Kf2 Kxe4 56. Ke2
Kf4 57. b4 {and the extra Q side pawn will win;}) 49... b5 50. c4 bxc4 51. Rxc4
Ra5 52. a4 $18 {in addittion the extra pawn, Bl has 3 pawn islands to Wh's 2,
making the Bl pawns more vulnerable to attack} Rd5 53. b4 Rd4 $2 {best to keep
pieces on when behind. Its pawns that need to swapped off if in search of a
possible draw} (53... Rd6 54. b5 Ke6 55. Rg4 axb5 56. axb5 Rb6 57. Rxg5 Rxb5
58. Rg4 {although then Wh's 3 connected pawns will win in the long run.}) 54.
Rxd4 exd4 55. b5 Kf4 56. b6 Kg3 57. b7 Kxg2 58. b8=Q Kxh3 59. Qc8+ (59. Kf2 {
quickest} d3 (59... g4 60. Qc8 Kh2 61. Qxg4 h3 62. Qg1#) 60. Kg1 d2 61. Qh2#)
59... Kh2 60. Qg4 d3+ 1-0

[Event "Dyfed Major"]
[Site "Fishguard"]
[Date "2017.02.26"]
[Round "5"]
[White "Cooke, Raymond"]
[Black "Baron, Margaret"]
[Result "1-0"]
[WhiteElo "1340"]
[BlackElo "850"]
[Annotator "Rudy"]
[PlyCount "39"]
[EventDate "2017.02.24"]
[EventCountry "WLS"]

1. d4 e6 2. c4 d5 3. e3 c5 4. Nf3 Nf6 5. Ne5 (5. Nc3) (5. cxd5 {main lines})
5... Bd6 (5... Nc6) 6. cxd5 $146 (6. f4) (6. f3) (6. Nc3 {played}) 6... exd5
$15 7. Bb5+ Bd7 (7... Nbd7 $15) 8. Nxd7 Nbxd7 9. O-O $11 a6 10. dxc5 axb5 (
10... Bxh2+ 11. Kxh2 axb5 12. Kg1 O-O $11) (10... Bxc5 $11) 11. cxd6 $16 O-O
12. b4 (12. Nc3 Qb6 (12... Nb6 13. Nxb5 Nc4 14. b3 Nxd6 15. Nd4 $16 {Wh is a
pawn up with better pieces as a result of control over d4}) 13. Nxd5 Nxd5 14.
Qxd5 Nf6 15. Qd3 Rfd8 16. Rd1 Ne8 17. Bd2 Rxd6 18. Qb3 Qc6 19. Bb4 Rg6 20. Qd5
$16 {Komodo10}) 12... Re8 (12... Ne5 13. Bb2 Qxd6 $11 {Komodo10}) 13. Nc3 Re6
14. Nxb5 $18 Ra6 15. Nc7 Qe8 $2 16. Nxe8 Rxe8 17. Bb2 Ne4 18. Qxd5 Nb6 19. d7
Nxd5 20. dxe8=Q# 1-0

[Event "Dyfed Major"]
[Site "Fishguard"]
[Date "2017.02.26"]
[Round "5"]
[White "Taylor, Paul"]
[Black "Hammett, Scott"]
[Result "1-0"]
[WhiteElo "1511"]
[BlackElo "1443"]
[Annotator "Rudy"]
[PlyCount "27"]
[EventDate "2017.02.24"]
[EventCountry "WLS"]

1. e4 e5 2. Nc3 f5 3. Nf3 (3. exf5 Nf6 4. g4 {Bl is playing a King's Gambit
tempo behind; &. unlike the Latvian, is able to protect his pawn with g4,which
gives good attacking chances. especially since Nc3 is a very useful developing
move. Ovetchkin & Soloviov- The Modern Vienna Game 2015:410 consider that Wh
gets a great advantage from this line.}) 3... d6 (3... fxe4) (3... Nf6 {main
lines after Wh's last}) 4. Bb5+ {rare, but scores well} (4. d4 {transposes to
a Philidor, featuring Philidor's own original idea, which can involve some
very complex piece sacrifices.}) 4... Nc6 {transposes to a variant of the
Schliemann or Jaenisch var against a Ruy Lopez.} (4... c6 $11 {is preferred by
the Cloud Engines; though Wh won both games.} 5. Ba4 (5. Bc4) (5. Be2 {Cloud
Engines}) 5... b5 $1 (5... Nf6 6. exf5 Bxf5 7. O-O Be7 8. d3 Nbd7 $11 {
Heiden-Jendrian, Schleswig-Holstein ch, Kiel 1992,1-0}) 6. Bb3 b4 7. Nb1 Be7 (
7... fxe4 8. Nxe5 Qg5 $19) 8. Bxg8 Rxg8 9. d3 $11 {Brown-Williams, IECG 1997,
1-0}) 5. O-O (5. d4) (5. d3 {main lines}) 5... Nf6 6. Re1 (6. d3 {transposes
to a major line in the Schliemann}) (6. exf5 $16 {Cloud Engines, scores well
for Wh}) (6. d4 $16 {3-0}) 6... Be6 $2 (6... fxe4 7. Nxe4 Nxe4 8. Rxe4 Bf5 9.
Re1 Be7 10. d4 e4 (10... O-O $14) 11. d5 $18 {Cardoso Garcia-Garzon Rodriguez,
Malaga ch 2001,1-0}) (6... Be7 7. d4 (7. exf5 $16 {Komodo10}) 7... fxe4 8. Nxe4
(8. dxe5 dxe5 9. Nxe5 $16) 8... Nxe4 9. Rxe4 Bf5 10. Re1 e4 {transposes to
previous game , repeated in Obersnel-Cretnik, Sentjur Ipavec mem 2010,1-0}) 7.
d4 $18 Bd7 (7... fxe4 8. Nxe4 Nxe4 9. Rxe4 Bf5 10. Re1 Be7 11. d5 a6 12. Nd4 $1
$18 {Komodo10} axb5 13. Nxf5 O-O 14. Qg4 Rxf5 15. Qxf5 Nd4 16. Qd3 $18) 8. exf5
Ne7 (8... Be7 {a little better}) 9. dxe5 dxe5 10. Nxe5 c6 (10... Bxb5 11. Nxb5
Qxd1 12. Nxc7+ Kd8 13. Ne6+ Kc8 14. Rxd1 $18 {Komodo10}) 11. Bc4 (11. Nc4 Qc7
12. Nd6+ Kd8 13. Bf4 $18 {Komodo10}) 11... Qc7 12. Nf7 Bxf5 13. Nd6+ (13. Nxh8)
13... Kd7 (13... Kd8 14. Nxf5+) 14. Ndb5+ (14. Nxf5+ Kc8 15. Be6+ Kb8 16. Bf4 {
Komodo10}) 1-0

[Event "Dyfed Major"]
[Site "Fishguard"]
[Date "2017.02.26"]
[Round "5"]
[White "Osinga, Awne"]
[Black "Holman, Sam"]
[Result "1-0"]
[WhiteElo "1386"]
[BlackElo "1334"]
[Annotator "Rudy"]
[PlyCount "55"]
[EventDate "2017.02.24"]
[EventCountry "WLS"]

1. e4 c5 2. Nf3 d6 3. Bc4 e6 4. Nc3 Be7 5. O-O a6 (5... Nf6 {main}) 6. a3 (6.
a4) (6. d3 {played}) 6... b5 (6... Nc6 {main}) 7. Be2 (7. Ba2 {looks more
natural; to keep the B on its more aggressive diagonal. Although mostly Awne
prefers the B on e2 in the first place}) 7... Bb7 8. d3 (8. d4 $5 {Komodo10,
but not in Awne's style}) 8... Nf6 9. h3 O-O 10. Nh2 h6 {weakens the K side
unneccessarily} (10... Nc6) (10... Nbd7 {develop & threaten d5}) 11. Bf3 Re8 (
11... Nc6 $15) (11... Nbd7 $15 {avoid the threat implicit in Wh's last move})
12. e5 Nd5 13. Nxd5 exd5 (13... Bxd5 14. Bxd5 exd5 15. e6 (15. Qg4 dxe5 16.
Bxh6 Bf6 $15) 15... fxe6 $15 {Komodo10}) 14. e6 $5 (14. Ng4 dxe5 15. Nxe5 Bd6
16. Ng4 Nd7 $15 {Komodo10}) 14... fxe6 15. Bh5 Rf8 $15 16. Qg4 Bg5 (16... Rf6
17. Qe2 Bc8 $15 {there is no need to return the pawn as yet}) 17. Qxe6+ $16 Kh8
18. Re1 (18. Bxg5 Qxg5 19. Qxd6 $16 {Komodo10}) 18... Bxc1 (18... Nc6) 19.
Raxc1 d4 (19... Nc6) 20. Re2 $2 (20. Bf3 Nc6 21. Ng4 Bc8 (21... Rxf3 22. gxf3
Qf8 23. Qd7 Rb8 24. Re6 Bc8 25. Qxd6 Bxe6 26. Qxc6 $14) 22. Qd5 Bxg4 23. hxg4
Rc8 24. Be4 Rc7 25. g3 Ne5 26. Bf5 g6 $11 {Komodo10}) 20... Bxg2 $2 {right
kind of idea; wrong execution therof} (20... Qg5 $1 {hits R on c1, g2 mate} 21.
f4 (21. Bf3 Bxf3 22. Nxf3 Qxc1+ 23. Re1 Qf4 24. Re4 Qf6 $19) 21... Qxh5 $19 {
and the B} 22. Qxd6 Qxe2 23. Qxf8+ Kh7 24. Nf3 Qe3+ 25. Kh2 Bxf3 26. Qf5+ Kg8
27. Qc8+ Kf7 28. Qf5+ Ke8 $19 29. gxf3 Qf2+ $1 (29... Qxc1 {allows Wh lots of
checks}) 30. Kh1 Qxf3+ 31. Kh2 Qe2+ 32. Kh1 Nc6 33. Qd5 Rc8 34. Rg1 Ne7 35. Qb7
Kf8 $19 {Komodo10}) 21. Kxg2 Qg5+ 22. Ng4 (22. Bg4 $1 Qxc1 23. Qxd6 $18 {the
move Sam was afraid of} Qf4 {Rudy} (23... Rg8 {Sam} 24. Nf3 Ra7 25. Be6 Re8 26.
Bf5 $1 {Komodo10, mating}) (23... Nd7 24. Qxd7 Rad8 25. Qe7 Qf4 26. Nf3 $18 {
the 2 pieces easily infiltrate against the weak squares around the K, as
wellas the Q side pawns being vulnerable}) 24. Qxf4 Rxf4 25. Re8+ Kh7 26. Bf3
Ra7 27. Rxb8 $18 {Komodo10}) 22... Qxh5 $1 $11 (22... Qxc1 23. Qxd6 Qf4 24.
Qxf4 Rxf4 25. Re8+ Kh7 26. Ne5 Rf6 27. Bf3 Ra7 28. Be4+ g6 29. Rxb8 $18 {
Komodo10}) 23. Qxd6 Qf5 24. Rce1 h5 $2 {creates more weaknesses in the K field}
(24... Nd7 {Bl must develop , even if its late in the day} 25. Qg3 Rf7 $11 (
25... Nf6 $11)) 25. Ne5 $16 (25. Re8 Nd7 26. Rxa8 Rxa8 27. Ne5 Nxe5 28. Rxe5
Qf7 29. Rxc5 $16 {Komodo10}) 25... Rf6 26. Qd5 (26. Qd8+ Kh7 27. b4 $16 {
Komodo10}) 26... Ra7 $2 (26... Nc6 {last chance to get the N out} 27. Qe4 Qxe4+
28. Rxe4 Raf8 29. R1e2 Rd6 $14) 27. Qd8+ Rf8 (27... Kh7 28. Qxb8 $18) 28. Qxf8+
1-0